000 00660nam a2200241Ia 4500
003 OSt
005 20220918183927.0
006 a|||||r|||| 00| 0
007 ta
008 220917b |||||||| |||| 00| 0 eng d
024 _a42,465
037 _cTextual
040 _aARTS
_cARTS
_beng
041 _2eng
_aeng
082 _aO1518:1E00:1, F3
100 _aDhanapala
_963934
245 0 _aBhavisayattaksha ed by C D Dalal and comp by Pandurang Damodar Gune
260 _c1923
490 _aGaekwad's oriental series; 20
650 _aENGLISH LITERATURE
942 _hO1518:1E00:1, F3
_cTEXL
_2CC
999 _c174326
_d174326